书目信息 |
| 题名: |
杀虫植物与植物性杀虫剂
|
|
| 作者: | 徐汉虹 | |
| 分册: | ||
| 出版信息: | 北京 中国农业出版社 2001 |
|
| 页数: | 500 | |
| 开本: | 26cm | |
| 丛书名: | ||
| 单 册: | ||
| 中图分类: | S482.3 | |
| 科图分类: | ||
| 主题词: | 植物--灾害--农药防治 , 植物--灾害--化学防治 | |
| 电子资源: | ||
| ISBN: | 7-109-06877-3 | |
| 000 | 00581nam0 2200193 450 | |
| 001 | 0741144344 | |
| 005 | 20070817112544.34 | |
| 010 | @a7-109-06877-3@b精装@d¥148.00 | |
| 100 | @a20070817d km y0chiy0120 ea | |
| 101 | 0 | @achi |
| 200 | 1 | @a杀虫植物与植物性杀虫剂@Asha chong zhi wu yu zhi wu xing sha chong ji@f徐汉虹@Fxu han hong |
| 210 | @a北京@c中国农业出版社@d2001 | |
| 215 | @a500@d26cm | |
| 606 | 0 | @a植物@x灾害@x农药防治 |
| 606 | 0 | @a植物@x灾害@x化学防治 |
| 690 | @aS482.3@v3 | |
| 701 | 0 | @a徐汉虹@Axu han hong |
| 801 | 0 | @aCN@bPFT@c20070817 |
| 905 | @a213230@dS482.3@en1@f1 | |
| 杀虫植物与植物性杀虫剂/徐汉虹.-北京:中国农业出版社,2001 |
| 500;26cm |
| ISBN 7-109-06877-3(精装):¥148.00 |
| ● |
| 相关链接 |
|
|
|
|
正题名:杀虫植物与植物性杀虫剂
索取号:S482.3/n1
 
预约/预借
| 序号 | 登录号 | 条形码 | 馆藏地/架位号 | 状态 | 备注 |
| 1 | 6600617 | 266006172 | 密集书库-生命科学系/ [索取号:S482.3/n1] | 在馆 |